00314nam a2200121Ia 4500008004100000041000800041082001700049100001900066245004500085260004100130300001400171365000700185240624s9999 xx 000 0 und d aeng a658.4063 CRO aCROSS KELVIN F aCORPOTATE RENAISSANCE THE ART OF REENGIN c1997aMumbaibJaico Publishing House axi, : 324 cRS